000 00698nam a2200229 a 4500
005 20140310183308.0
008 050907s19uu xx 00 eng d
020 _a9812592806
050 _aRT 51
_b.P365 2004
100 _aPerry, Anne Griffin
245 _aClinical nursing skills & techniques /
250 _a5th ed.
260 _aSingapore :
_bElseviere Singapore PTE LTD,
_c2004.
300 _a1311 p. :
_bcol. ill. ;
_c27 cm.
521 _aNUR
650 _aNursing
_xHandbooks, manuals, etc.
650 _aClinical medicine
_xHandbooks, manuals, etc.
650 _aClinical Nursing Skills and Techniques.
700 _aPotter, Patricia A.
942 _cBK
_2lcc
_kFOR
999 _c21106
_d21106